Municipalities of Tainan City - Statistics

General Stats
  • This quiz has been taken 80 times
  • The average score is 31 of 37
Answers on the Map
Answers color-coded by a green-red scale on the quiz's map according to % correct below.
 
Answer Stats
Answer % Correct
Anping 安平
92%
East 東
92%
North 北
92%
South 南
92%
Xinying 新營
92%
Annan 安南
88%
Baihe 白河
88%
Cigu 七股
88%
Houbi 後壁
88%
Jiangjun 將軍
88%
Liouying 柳營
88%
Madou 麻豆
88%
Anding 安定
84%
Rende 仁德
84%
Shanhua 善化
84%
Sinhua 新化
84%
Xiaying 下營
84%
Yongkang 永康
84%
Yujing 玉井
84%
Beimen 北門
80%
Danei 大內
80%
Guanmiao 關廟
80%
Guantian 官田
80%
Gueiren 歸仁
80%
Jiali 佳里
80%
Lioujia 六甲
80%
Longci 龍崎
80%
Nanhua 南化
80%
Nansi 楠西
80%
Shanshang 山上
80%
Syuejia 學甲
80%
Yanshuei 鹽水
80%
Dongshan 東山
76%
Sinshih 新市
76%
West Central 中西
76%
Zuojhen 左鎮
76%
Sigang 西港
68%
No matching quizzes found
Score Distribution
Percent of People with Each Score
Percentile by Number Answered
Your Score History
You have not taken this quiz